ბათუმის შოთა რუსთაველის სახელმწიფო უნივერსიტეტის ბიბლიოთეკა

აირმომარაგება ნაწ.II ტრანსპორტირება, შენახვა და განაწილება : (ბიბ.ჩანაწერი № 39231)

000 -ლიდერი
ფიქსირებული სიგრძის საკონტროლო ველი 00943nam a2200217Ia 4500
001 - საკონტროლო ნომერი
საკონტროლო ველი 5817
003 - საკონტროლო ნომრის იდენტიფიკატორი
საკონტროლო ველი GE_BSU
005 - ბოლო ოპერაციის თარიღი და დრო
საკონტროლო ველი 20190516191509.0
008 - ფიქსირებული სიგრძის მონაცემთა ელემენტები - ზოგადი ინფორმაცია
ფიქსირებული სიგრძის საკონტროლო ველი 181216s1979||||ge |||||||||||||| ||geo||
040 ## - კატალოგიზაციის წყარო
Transcribing agency GE_BSU
041 ## - ენის კოდი
Language code of text/sound track or separate title GEO
080 ## - უნივერსალური ათობითი კლასიფიკაციის ინდექსი
Universal Decimal Classification number 696.2 + 662.959.63(075.8) მ-93
100 ## - მთავარი ჩანაწერი - პიროვნების სახელი
Personal name მუსერიძე, ა.
9 (RLIN) 1266
245 ## - ცნობა სათაურის შესახებ
Title აირმომარაგება ნაწ.II ტრანსპორტირება, შენახვა და განაწილება :
Remainder of title სახელმძღვ. /
Statement of responsibility, etc ა. მუსერიძე ; რედ. ი.გოგუაძე.
264 ## - წარმოების, გამოცემის, დისტრიბუციის და სხვა ცნობები
გამოცემის, წარმოების, დისტრიბუციის... ადგილი თბილისი :
გამოცემის, წარმოების, დისტრიბუციის... სახელწოდება განათლება,
გამოცემის, წარმოების, დისტრიბუციის... თარიღი 1979.
300 ## - ფიზიკური აღწერა
Extent 295 გვ. :
Other physical details ილ. ;
Dimensions 22 სმ.
504 ## - BIBLIOGRAPHY, ETC. NOTE
Bibliography, etc ბიბლიოგრ. : გვ.291.
653 ## - INDEX TERM--UNCONTROLLED
Uncontrolled term აირმომარაგება
700 ## - ADDED ENTRY--PERSONAL NAME
Personal name გოგუაძე, ი.
Relator term რედაქტორი
9 (RLIN) 1271
942 ## - ADDED ENTRY ELEMENTS (KOHA)
Koha item type წიგნი
Source of classification or shelving scheme
ეგზემპლარები
ჩამოწერის სტატუსი დაკარგული ეგზემპლარის სტატუსი კლასიფიკაციის წყარო ან თაროზე გაწყობის სქემა დაზიანების სტატუსი არ გაიცემა მუდმივი მდებარეობა (დაცვის ადგილი) ამჟამინდელი ადგილსამყოფელი თაროზე განთავსების ადგილი შეძენის თარიღი ღირებულება, შესყიდვის ნორმალური ფასი სრული შენახვის შიფრი შტრიხკოდი ბოლო ოპერაციის თარიღი ეგზემპლარის მიმდევრობითი ნომერი (კეტერი?) ფასის ძალაში შესვლის თარიღი ეგზემპლარის სახეობა საჯარო შენიშვნა
          ტექნოლოგიური ფაკულტეტის ბიბლიოთეკა ტექნოლოგიური ფაკულტეტის ბიბლიოთეკა წიგნსაცავი 2018-12-17 1.40 696.2 + 662.959.63(075.8) მ-93 11904 2018-12-17 11904 2018-12-17 წიგნი 1.40 ლ.
          ტექნოლოგიური ფაკულტეტის ბიბლიოთეკა ტექნოლოგიური ფაკულტეტის ბიბლიოთეკა წიგნსაცავი 2018-12-17 1.40 696.2 + 662.959.63(075.8) მ-93 11905 2018-12-17 11905 2018-12-17 წიგნი 1.40 ლ.
          ტექნოლოგიური ფაკულტეტის ბიბლიოთეკა ტექნოლოგიური ფაკულტეტის ბიბლიოთეკა წიგნსაცავი 2019-05-16 1.40 696.2 + 662.959.63(075.8) მ-93 11903 2019-05-16 11903 2019-05-16 წიგნი 1.40ლ.